Vista normal
Vista MARC
Entrada Materia (personas)
Número de registros utilizados en: 6
001 - CONTROL NUMBER
- control field: 124402
003 - CONTROL NUMBER IDENTIFIER
- control field: Co-BoUCM
005 - DATE AND TIME OF LATEST TRANSACTION
- control field: 20211020094709.0
008 - FIXED-LENGTH DATA ELEMENTS
- fixed length control field: 211020|| aca||aabn | a|a d
040 ## - CATALOGING SOURCE
- Original cataloging agency: Co-BoUCM
- Transcribing agency: Co-BoUCM
100 ## - HEADING--PERSONAL NAME
- Personal name: Fernández Flórez, Wenceslao
- Dates associated with a name: 1885-1964
670 ## - SOURCE DATA FOUND
- Source citation: Work cat.: (Co-BoUCM)32067: Fernández Flórez, Wenceslao 1885-1964, Volvoreta, 1971